| 000 | 00762cab a2200253 4500 | ||
|---|---|---|---|
| 001 | ABS46245 | ||
| 008 | 090401t1992 xxu||||| |||| 00| 0 eng d | ||
| 035 | _a(Sirsi) u57335 | ||
| 041 | _aeng | ||
| 100 | _aWhincup, M. | ||
| 245 | _aRemoteness reconsidered | ||
| 260 | _c1992 | ||
| 350 | _a0 | ||
| 490 |
_aNew Law Journal _v142(6545) 27 March 1992, 433-434(2) |
||
| 520 | _aA discussion of the different treatment of forseeability in contract law and in tort and whether a plaintiff would recover greater damages suing in tort or in contract. | ||
| 650 | _aBREACH OF CONTRACT | ||
| 650 | _aCONTRACT LAW | ||
| 650 | _aFORESEEABILITY | ||
| 650 | _aPARSONS V UTTLEY INGHAM | ||
| 650 | _aTORT | ||
| 690 | _aLAW | ||
| 942 | _n0 | ||
| 948 | _c04/03/1997 | ||
| 999 |
_c34946 _d34946 |
||